000 00620nam a22002177a 4500
003 dpl
005 20240401121146.0
008 240305b |||||||| |||| 00| 0 eng d
010 _aENG-139908
020 _a9788171328512
_c700.00
035 _aEN-123440
037 _bDBAD
040 _c.
082 _a370
100 _aAwasthi ,Deepa
_962808
245 _aUse of IT Skills in Education/
_cBy Deepa Awasthi
260 _aJaipur
_bAavishkar Publishers
_c2016
270 _a807, Vyas Building , Chaura Rasta
_bJaipur
_e302003
300 _a150.Pages
_c23cm,(hbk)
942 _2ddc
_cEN
_h370
_mAwa
999 _c201737
_d201737